000 00460nam a22001217a 4500
999 _c21474
_d21474
008 240911b ||||| |||| 00| 0 eng d
100 _aVentura, Elmer Z.
_eauthor.
_960619
245 _aCaring for a book :
_bvalue we must teach our young /
_cElmer Z. Ventura.
260 _aPhilippines;
_bPublishers Association of the Philippines, Inc.,
_cNovember 2019.
300 _aVolume 168, pages 208.
700 _aVentura, Elmer Z.
_eauthor.
_960619
942 _2ddc
_cPER